• 首页
  • 本馆介绍
  • 公告通知
  • 最新文献
  • 馆藏检索
  • 电子资源
  • 读者导购
  • 参考咨询
  • 我的图书馆
  • 登录
  • 详细信息显示
  • 放入我的书架
  • 预约/预借图书
  • 作者相关作品
  • 分类相关作品
  • 丛书相关作品
  • 出版社相关作品

书目信息

  • 表格格式
  • 工作单格式
  • 卡片格式
题名:
大学·中庸
    
 
作者: ;天一尔雅国学研究所 编纂
分册:  
出版信息: 北京   光明日报出版社  2017.05
页数: 207页
开本: 21cm
丛书名: 天一国学堂系列丛书
单 册:
中图分类: B222.14
科图分类:
主题词: 儒家
电子资源:
ISBN: 978-7-5194-0306-5
000 01035oam2 2200289 450
001 0120141439631
005 20180905165431.76
010    @a978-7-5194-0306-5@dCNY32.00
100    @a20170608d2017 em y0chiy50 ea
101 0  @achi
102    @aCN@b110000
105    @aa z 000yy
106    @ar
200 1  @a大学·中庸@9da xue · zhong yong@f天一尔雅国学研究所编纂
210    @a北京@c光明日报出版社@d2017.05
215    @a207页@c图@d21cm
225 2  @a天一国学堂系列丛书
330    @a《大学》、《中庸》是中国古典珍品之一,它们是《礼记》中的二篇。《大学》详细地归纳了先秦儒家的伦理道德思想,系统地讲述了儒家安身立命的原则和方法。《中庸》论述的也是修身养性之道,然而它侧重于与人、与社会、与自然的和谐相处。
333    @a哲学爱好者
461  0 @12001 @a天一国学堂系列丛书
605    @a《大学》@x译文
605    @a《中庸》@x译文
606 0  @a儒家
690    @aB222.14@v5
711 02 @a天一尔雅国学研究所@9tian yi er ya guo xue yan jiu suo@4编纂
801  0 @aCN@b人天书店@c20170608
905    @b1083009-13@dB222.14@e767@f5
    
    大学·中庸/天一尔雅国学研究所编纂.-北京:光明日报出版社,2017.05
    207页:图;21cm.-(天一国学堂系列丛书)
    使用对象:哲学爱好者
    
    ISBN 978-7-5194-0306-5:CNY32.00
    《大学》、《中庸》是中国古典珍品之一,它们是《礼记》中的二篇。《大学》详细地归纳了先秦儒家的伦理道德思想,系统地讲述了儒家安身立命的原则和方法。《中庸》论述的也是修身养性之道,然而它侧重于与人、与社会、与自然的和谐相处。
●
相关链接 在E读中查询图书 在五车中查询图书 在当当中查询图书 在豆瓣中查询图书


正题名:大学·中庸     索取号:B222.14/767         预约/预借

序号 登录号 条形码 馆藏地/架位号 状态 备注
1 1083009   210830092   第一样本阅览室/ [索取号:B222.14/767] 在馆    
2 1083010   210830109   教育系资料室/ [索取号:B222.14/767] 在馆    
3 1083011   210830118   教育系资料室/ [索取号:B222.14/767] 在馆    
4 1083012   210830127   第一借阅区/ [索取号:B222.14/767] 在馆    
5 1083013   210830136   第一借阅区/ [索取号:B222.14/767] 在馆    
唐山师范学院图书馆 欢迎您!
大连网信软件有限公司© 版权所有